[Event "14th EUR-ch"]
[Site "Legnica POL"]
[Date "2013.05.13"]
[Round "8"]
[White "Eljanov, Pavel"]
[Black "Nyback, Tomi"]
[Result "1/2-1/2"]
[WhiteElo "2702"]
[BlackElo "2593"]
[EventDate "2013.05.05"]
[PlyCount "108"]

1.e4 e5 2.Nf3 Nc6 3.Bb5 a6 4.Ba4 Nf6 5.d3 d6 6.c3 Bd7 7.Nbd2 g6 8.Nf1 h6 
9.Ng3 Bg7 10.O-O O-O 11.h3 Re8 12.Re1 d5 13.Nh2 b5 14.Bb3 Be6 15.Qf3 d4 
16.Bd2 a5 17.Ng4 Nxg4 18.hxg4 a4 19.Bd5 Ra6 20.c4 bxc4 21.dxc4 Qd7 22.b4 
axb3 23.axb3 Rxa1 24.Rxa1 Nd8 25.Bxe6 Nxe6 26.b4 Qc6 27.Qb3 Ra8 28.Ra5 Bf8
29.Rxe5 Bd6 30.Rd5 Bxg3 31.fxg3 Kg7 32.Kh2 Re8 33.e5 Kg8 34.b5 Qa8 35.Qf3 
Qc8 36.Bxh6 Rd8 37.Qf6 Rd7 38.Kg1 Kh7 39.Bd2 Kg8 40.Qf3 Re7 41.Qf6 Rd7 42.
Bb4 Ng7 43.Qa6 Qd8 44.Rxd7 Qxd7 45.Qa8+ Kh7 46.Qe4 Qd8 47.Qf4 Kg8 48.Qf6 
Qa8 49.Kh2 Ne6 50.Qe7 Kg7 51.Qd7 Qh8+ 52.Kg1 Qh6 53.Be7 Qe3+ 54.Kh2 Qh6+ 
1/2-1/2

[Event "14th EUR-ch"]
[Site "Legnica POL"]
[Date "2013.05.13"]
[Round "8"]
[White "Jobava, Baadur"]
[Black "Babula, Vlastimil"]
[Result "1/2-1/2"]
[WhiteElo "2702"]
[BlackElo "2591"]
[EventDate "2013.05.05"]
[PlyCount "81"]

1.e4 e5 2.Nf3 Nc6 3.Bc4 Bc5 4.c3 Nf6 5.b4 Be7 6.d3 O-O 7.Nbd2 d5 8.Bb3 Re8
9.O-O Bf8 10.Re1 h6 11.h3 a6 12.a3 Be6 13.Bb2 dxe4 14.dxe4 Qd7 15.Bxe6 
Qxe6 16.Qb3 Qxb3 17.Nxb3 Rad8 18.Kf1 Nd7 19.Rad1 Nb6 20.Ke2 f6 21.Rxd8 
Rxd8 22.Rd1 Rxd1 23.Kxd1 Kf7 24.Kc2 h5 25.Bc1 Ke6 26.Kd3 Nc8 27.Be3 b6 28.
Nfd2 g6 29.f3 Nd8 30.g4 hxg4 31.hxg4 Nb7 32.a4 b5 33.axb5 axb5 34.Nb1 c6 
35.N1d2 Be7 36.Nb1 Bf8 37.N1d2 Be7 38.Nb1 Bf8 39.N1d2 Be7 40.Nb1 Bf8 41.
N1d2 1/2-1/2

[Event "14th EUR-ch"]
[Site "Legnica POL"]
[Date "2013.05.13"]
[Round "8"]
[White "Berkes, Ferenc"]
[Black "Svetuschin, Dumitru"]
[Result "1-0"]
[WhiteElo "2688"]
[BlackElo "2588"]
[EventDate "2013.05.05"]
[PlyCount "73"]

1.d4 Nf6 2.c4 e6 3.Nc3 Bb4 4.e3 O-O 5.Bd3 c5 6.Nf3 b6 7.O-O Bb7 8.Na4 d6 
9.b3 Qe7 10.Bb2 Ne4 11.a3 Ba5 12.Rb1 Nd7 13.d5 b5 14.b4 bxa4 15.bxa5 Ndf6 
16.Qxa4 Rfb8 17.Ba1 Ba6 18.Qc6 Bb7 19.Qa4 Ba6 20.dxe6 fxe6 21.Rxb8+ Rxb8 
22.Qc2 d5 23.Ne5 Rc8 24.Rc1 Nd6 25.h3 Bb7 26.Qe2 Nfe4 27.a6 Ba8 28.f3 Nf6 
29.Qe1 Nd7 30.Qg3 Nxe5 31.Qxe5 Nxc4 32.Bxc4 dxc4 33.Rxc4 Bd5 34.Rg4 Rc7 
35.Qg3 g6 36.Qe5 Kf7 37.Qh8 1-0

[Event "14th EUR-ch"]
[Site "Legnica POL"]
[Date "2013.05.13"]
[Round "8"]
[White "Ipatov, Alexander"]
[Black "Grachev, Boris"]
[Result "1/2-1/2"]
[WhiteElo "2588"]
[BlackElo "2687"]
[EventDate "2013.05.05"]
[PlyCount "113"]

1.d4 d5 2.c4 e6 3.Nf3 Nf6 4.Nc3 c6 5.Qd3 dxc4 6.Qxc4 b5 7.Qd3 Bb7 8.e4 b4 
9.Na4 Nbd7 10.Bg5 Qa5 11.b3 c5 12.Bxf6 gxf6 13.Be2 c4 14.Qxc4 Bxe4 15.O-O 
Bd6 16.g3 Qf5 17.Nd2 Bd5 18.Qd3 Qxd3 19.Bxd3 f5 20.Rfe1 O-O 21.Nc4 Bc7 22.
Rac1 Bb6 23.Ne3 Nf6 24.Nxd5 Nxd5 25.Rc4 Rfd8 26.Be2 Nc3 27.Bf3 Rac8 28.
Nxb6 axb6 29.Rxb4 Nxa2 30.Rxb6 Rxd4 31.Rb7 Rb4 32.Ra1 Rxb7 33.Bxb7 Rc2 34.
Bf3 Kg7 35.Bh5 Rb2 36.Rd1 Nc3 37.Rd7 Ne4 38.Bxf7 Nxf2 39.Bxe6+ Kf6 40.Bc4 
h5 41.Rf7+ Kg6 42.h4 Ne4 43.Rf8 Rc2 44.Rd8 Rc1+ 45.Kg2 Rc2+ 46.Kg1 Rc1+ 
47.Bf1 Rb1 48.Rd3 f4 49.gxf4 Kf5 50.Kg2 Rb2+ 51.Kf3 Rf2+ 52.Ke3 Rxf1 53.
Rd5+ Kg4 54.Kxe4 Rxf4+ 55.Ke5 Rf5+ 56.Ke6 Kxh4 57.b4 1/2-1/2

[Event "14th EUR-ch"]
[Site "Legnica POL"]
[Date "2013.05.13"]
[Round "8"]
[White "Kulaots, Kaido"]
[Black "Zhigalko, Sergei"]
[Result "0-1"]
[WhiteElo "2586"]
[BlackElo "2660"]
[EventDate "2013.05.05"]
[PlyCount "146"]

1.e4 e5 2.Nf3 Nc6 3.Bb5 a6 4.Ba4 Nf6 5.O-O Be7 6.d3 b5 7.Bb3 d6 8.a3 O-O 
9.Nc3 Bg4 10.Be3 Qd7 11.h3 Be6 12.Nd5 Bd8 13.Re1 Rb8 14.Rc1 Kh8 15.Re2 Ng8
16.d4 f5 17.exf5 Rxf5 18.dxe5 Rxf3 19.gxf3 Nxe5 20.Bf4 Nxf3+ 21.Kg2 Nh4+ 
22.Kh2 Bxh3 23.Re3 Bg4 24.Qd3 Qf7 25.Bg3 Bg5 26.f4 Bf6 27.Rh1 Bf5 28.Qe2 
Qg6 29.Bxh4 Bxh4 30.Qg2 Qh5 31.Kg1 c5 32.c3 c4 33.Bc2 Bxc2 34.Qxc2 Qxd5 
35.Rxh4 Nf6 36.Qg2 Qc5 37.Qf2 Rf8 38.Re2 Qf5 39.Kg2 Nd5 40.Qg3 h6 41.Kh2 
Nxf4 42.Rf2 g5 43.Rxh6+ Kg7 44.Rh4 Qg6 45.Rfxf4 gxf4 46.Rxf4 Qxg3+ 47.Kxg3
Rxf4 48.Kxf4 Kf6 49.Ke4 Ke6 50.Kd4 Kd7 51.Kd5 Kc7 52.a4 Kd7 53.axb5 axb5 
54.Ke4 Kc6 55.Ke3 Kd5 56.Kf4 Ke6 57.Ke4 d5+ 58.Ke3 Ke5 59.Kd2 Kf4 60.Ke2 
Ke4 61.Kd2 Kf3 62.Kd1 Ke4 63.Kd2 Ke5 64.Ke2 Kd6 65.Kd2 Kc6 66.Kc2 Kb6 67.
b3 Kc5 68.Kb2 Kd6 69.Kc2 Ke5 70.bxc4 bxc4 71.Kd1 Kf4 72.Ke2 Ke4 73.Kd2 Ke5
0-1

[Event "14th EUR-ch"]
[Site "Legnica POL"]
[Date "2013.05.13"]
[Round "8"]
[White "Ivanisevic, Ivan"]
[Black "Grigoriants, Sergei"]
[Result "1/2-1/2"]
[WhiteElo "2655"]
[BlackElo "2579"]
[EventDate "2013.05.05"]
[PlyCount "85"]

1.d4 Nf6 2.c4 e6 3.Bg5 h6 4.Bh4 Be7 5.Nc3 d5 6.e3 O-O 7.Rc1 b6 8.cxd5 exd5
9.Bd3 Nbd7 10.Nge2 Bb7 11.f3 c5 12.Bf2 a6 13.O-O b5 14.Ng3 Re8 15.Bb1 Bf8 
16.Nce2 Qb8 17.Nf5 g6 18.dxc5 Nxc5 19.Qd4 Ncd7 20.Bg3 Ne5 21.Bh4 Nfd7 22.
Qf4 gxf5 23.Qxf5 Bg7 24.Qh7+ Kf8 25.Ng3 Nf6 26.Bxf6 Bxf6 27.Nf5 Re6 28.f4 
Nd7 29.Nxh6 Qe8 30.Rc7 Bc8 31.Rfc1 Ke7 32.Bf5 Rxe3 33.Bg4 Bxb2 34.Nf5+ Kf8
35.Qh6+ Kg8 36.Qg5+ Kf8 37.Qh6+ Kg8 38.R1c2 Bd4 39.Qg5+ Kf8 40.Qh6+ Kg8 
41.Qg5+ Kf8 42.Qh6+ Kg8 43.Qg5+ 1/2-1/2

[Event "14th EUR-ch"]
[Site "Legnica POL"]
[Date "2013.05.13"]
[Round "8"]
[White "Brunello, Sabino"]
[Black "Socko, Bartosz"]
[Result "1/2-1/2"]
[WhiteElo "2580"]
[BlackElo "2647"]
[EventDate "2013.05.05"]
[PlyCount "81"]

1.d4 Nf6 2.c4 e6 3.Nf3 d5 4.Nc3 Bb4 5.cxd5 exd5 6.Bg5 h6 7.Bxf6 Qxf6 8.e3 
O-O 9.Be2 c6 10.O-O Bd6 11.Ne1 Re8 12.Nd3 Bf5 13.Na4 Nd7 14.Rc1 Qh4 15.g3 
Qe7 16.Bg4 Bxg4 17.Qxg4 Qe6 18.Qf3 Qe4 19.Qxe4 dxe4 20.Ndc5 Nxc5 21.Nxc5 
Re7 22.Rc2 f5 23.Rd1 Rd8 24.h4 Kf7 25.Kf1 Kf6 26.Ke2 Bxc5 27.Rxc5 Red7 28.
b4 Rd5 29.Rdc1 Rxc5 30.bxc5 Ke6 31.a4 g6 32.a5 a6 33.Kd2 h5 34.Rb1 Rd7 35.
Kc3 Kd5 36.Ra1 Re7 37.Rb1 Rd7 38.Ra1 Re7 39.Rb1 Rc7 40.Ra1 Re7 41.Rb1 
1/2-1/2

[Event "14th EUR-ch"]
[Site "Legnica POL"]
[Date "2013.05.13"]
[Round "8"]
[White "Parligras, Mircea"]
[Black "Bartel, Mateusz"]
[Result "1/2-1/2"]
[WhiteElo "2570"]
[BlackElo "2619"]
[EventDate "2013.05.05"]
[PlyCount "92"]

1.d4 e6 2.c4 b6 3.e4 Bb7 4.Bd3 Nc6 5.Nf3 Nb4 6.Nc3 Nxd3+ 7.Qxd3 Ne7 8.O-O 
Ng6 9.Bg5 f6 10.Bd2 Be7 11.d5 O-O 12.Ne2 Bd6 13.b4 c5 14.b5 f5 15.exf5 
Rxf5 16.Ng3 Rxf3 17.Qxf3 Qh4 18.Rac1 exd5 19.cxd5 Rf8 20.Qd3 Ne5 21.Qe4 
Qxe4 22.Nxe4 Bb8 23.Nc3 Nd3 24.Rb1 Be5 25.Rb3 Nb4 26.Ra3 a5 27.bxa6 Bxa6 
28.Rd1 Bc4 29.Ra7 Nd3 30.Rf1 d6 31.Na4 Nxf2 32.Rxf2 Bd4 33.Be1 Re8 34.Bd2 
Rf8 35.Be1 Re8 36.Bd2 b5 37.Nc3 h6 38.a3 b4 39.axb4 cxb4 40.Rc7 bxc3 41.
Bxc3 Rb8 42.h4 Rb1+ 43.Kh2 Bxf2 44.Rxc4 Rd1 45.Rg4 g5 46.hxg5 Rxd5 1/2-1/2

[Event "14th EUR-ch"]
[Site "Legnica POL"]
[Date "2013.05.13"]
[Round "8"]
[White "Andriasian, Zaven"]
[Black "Ruck, Robert"]
[Result "1/2-1/2"]
[WhiteElo "2608"]
[BlackElo "2570"]
[EventDate "2013.05.05"]
[PlyCount "95"]

1.e4 c6 2.d4 d5 3.e5 Bf5 4.h4 Qb6 5.Ne2 h5 6.Ng3 Bg4 7.Qd3 g6 8.Nc3 Nh6 9.
Be2 Bxe2 10.Ncxe2 e6 11.O-O Be7 12.Bg5 Bxg5 13.hxg5 Ng8 14.Nf4 Ne7 15.c4 
Nd7 16.Rfc1 Kf8 17.c5 Qc7 18.b4 b6 19.Nf1 Kg7 20.Ne3 a5 21.a3 Ra7 22.g3 
Rha8 23.Rab1 axb4 24.axb4 Ra3 25.Qf1 bxc5 26.bxc5 R8a4 27.Qd1 Nf8 28.Kg2 
Ra8 29.g4 hxg4 30.Nxg4 Nd7 31.Nf6 Rh8 32.Qg4 Nf5 33.Rh1 Rg3+ 34.fxg3 Ne3+ 
35.Kf3 Nxg4 36.Rh7+ Rxh7 37.Ne8+ Kf8 38.Nxc7 Nh2+ 39.Ke2 Ng4 40.Kf3 Nh2+ 
41.Kg2 Ng4 42.Re1 Ke7 43.Kf3 Nh2+ 44.Ke2 Ng4 45.Ng2 Rh5 46.Kf3 Ngxe5+ 47.
dxe5 Rxg5 48.Nf4 1/2-1/2

[Event "14th EUR-ch"]
[Site "Legnica POL"]
[Date "2013.05.13"]
[Round "8"]
[White "Pashikian, Arman"]
[Black "Markowski, Tomasz"]
[Result "1-0"]
[WhiteElo "2603"]
[BlackElo "2567"]
[EventDate "2013.05.05"]
[PlyCount "63"]

1.d4 Nf6 2.Nf3 e6 3.c4 Bb4+ 4.Bd2 Bxd2+ 5.Qxd2 O-O 6.g3 d5 7.Bg2 Nbd7 8.
O-O c6 9.Rc1 b6 10.cxd5 cxd5 11.Ne5 Bb7 12.Na3 Ne4 13.Qb4 a5 14.Qb3 Nxe5 
15.dxe5 Ba6 16.Qe3 Nc5 17.Nc2 Qd7 18.Nd4 Rfc8 19.h4 Rc7 20.h5 h6 21.Kh2 
Rac8 22.Rd1 Qe7 23.f4 Nd7 24.Rf1 Rc4 25.Rad1 Re8 26.f5 exf5 27.Nxf5 Qf8 
28.Rxd5 Nf6 29.Nxh6+ Kh8 30.Qxb6 Bc8 31.Nxf7+ Qxf7 32.exf6 1-0

[Event "14th EUR-ch"]
[Site "Legnica POL"]
[Date "2013.05.13"]
[Round "8"]
[White "Mamedov, Nidjat"]
[Black "Aghasarian, Robert"]
[Result "1-0"]
[WhiteElo "2602"]
[BlackElo "2445"]
[EventDate "2013.05.05"]
[PlyCount "87"]

1.e4 e5 2.Nf3 Nc6 3.Bb5 Nf6 4.O-O Nxe4 5.d4 Nd6 6.Bxc6 dxc6 7.dxe5 Nf5 8.
Qxd8+ Kxd8 9.h3 h5 10.Nc3 Ke8 11.Bg5 Be6 12.a3 Be7 13.Rad1 f6 14.Bf4 Rc8 
15.Rfe1 Kf7 16.Rd2 h4 17.exf6 gxf6 18.Rde2 Bd7 19.Nd1 c5 20.Ne3 Nxe3 21.
Rxe3 Bf8 22.Bh2 Bf5 23.c3 c6 24.Nd2 Rd8 25.Nc4 b6 26.Bc7 Rd7 27.Bf4 Rh5 
28.R3e2 Bg6 29.Ne3 b5 30.Ng4 Bf5 31.Re8 Be7 32.Rc8 Bxg4 33.hxg4 Rhd5 34.
Rxc6 a5 35.Ra6 a4 36.Kf1 Rd3 37.Ke2 b4 38.Rc1 bxa3 39.bxa3 R3d5 40.Rxa4 
Rb7 41.Rc2 Rb1 42.Rd2 Rxd2+ 43.Bxd2 Rb2 44.Re4 1-0

[Event "14th EUR-ch"]
[Site "Legnica POL"]
[Date "2013.05.13"]
[Round "8"]
[White "Gritsak, Orest"]
[Black "Akopian, Vladimir"]
[Result "1/2-1/2"]
[WhiteElo "2549"]
[BlackElo "2705"]
[EventDate "2013.05.05"]
[PlyCount "94"]

1.Nf3 Nf6 2.c4 e6 3.g3 a6 4.Bg2 b5 5.b3 Bb7 6.O-O Be7 7.Bb2 O-O 8.Nc3 b4 
9.Na4 d6 10.Qc2 Nbd7 11.c5 dxc5 12.Bxf6 Nxf6 13.Nxc5 Bd5 14.Rac1 Rc8 15.
Rfd1 c6 16.Ne1 a5 17.f3 Bxc5+ 18.Qxc5 Nd7 19.Qf2 c5 20.f4 a4 21.e4 Bb7 22.
d4 Qe7 23.Nd3 axb3 24.axb3 cxd4 25.Qxd4 Nf6 26.Qxb4 Qxb4 27.Nxb4 Nxe4 28.
Nd3 Bd5 29.Rxc8 Rxc8 30.Rc1 Rb8 31.b4 h6 32.Rb1 g5 33.Rb2 Ra8 34.Bxe4 Bxe4
35.Nc5 Bd5 36.fxg5 hxg5 37.b5 Rc8 38.Nd7 Kg7 39.b6 Bb7 40.Rb5 Rc1+ 41.Kf2 
Kg6 42.Nc5 Bc6 43.b7 Bxb5 44.Nxe6 Rc2+ 45.Ke3 Re2+ 46.Kd4 Rxe6 47.b8=Q Be8
1/2-1/2

[Event "14th EUR-ch"]
[Site "Legnica POL"]
[Date "2013.05.13"]
[Round "8"]
[White "Dvirnyy, Danyyil"]
[Black "Nisipeanu, Liviu-Dieter"]
[Result "1-0"]
[WhiteElo "2541"]
[BlackElo "2679"]
[EventDate "2013.05.05"]
[PlyCount "131"]

1.c4 e5 2.g3 c6 3.d4 exd4 4.Qxd4 d5 5.cxd5 cxd5 6.Bg2 Nf6 7.Nf3 Nc6 8.Qa4 
Be7 9.Nc3 O-O 10.O-O Qb6 11.Qb5 d4 12.Qxb6 axb6 13.Nb5 Rd8 14.Rd1 Bc5 15.
Bf4 Nd5 16.Be5 Bg4 17.Bxd4 Ndb4 18.Bxc5 bxc5 19.a3 Nc2 20.Rxd8+ Rxd8 21.
Rc1 Bf5 22.Nh4 N2d4 23.Nxd4 Nxd4 24.Rxc5 Nxe2+ 25.Kf1 Bd3 26.Ke1 Re8 27.
Kd2 Ba6 28.Nf5 g6 29.Rc8 Rxc8 30.Ne7+ Kf8 31.Nxc8 Nd4 32.Nd6 b6 33.Kc3 
Ne2+ 34.Kb4 Nc1 35.Be4 f5 36.Bc2 Ke7 37.Nc4 Na2+ 38.Kb3 Nc1+ 39.Kc3 Ne2+ 
40.Kb4 Nd4 41.Bd1 Nc6+ 42.Kc3 Bxc4 43.Kxc4 Kd6 44.f4 h6 45.b4 g5 46.Bf3 
b5+ 47.Kd3 Ne7 48.Ke3 Ng6 49.Bh5 gxf4+ 50.gxf4 Ne7 51.Bf7 Kd7 52.Kd4 Kd6 
53.Be8 Nd5 54.Bxb5 Nxf4 55.Bc4 Ng6 56.a4 Ne5 57.Be2 Nc6+ 58.Kc3 f4 59.a5 
Ne5 60.a6 Kc6 61.Kd4 f3 62.Bd3 Nf7 63.b5+ Kb6 64.Bf1 h5 65.Ke4 f2 66.Kf3 
1-0

[Event "14th EUR-ch"]
[Site "Legnica POL"]
[Date "2013.05.13"]
[Round "8"]
[White "Sutovsky, Emil"]
[Black "Halkias, Stelios"]
[Result "1/2-1/2"]
[WhiteElo "2673"]
[BlackElo "2549"]
[EventDate "2013.05.05"]
[PlyCount "67"]

1.e4 e5 2.Nf3 Nc6 3.Bb5 a6 4.Bxc6 dxc6 5.O-O Bd6 6.d4 exd4 7.Qxd4 f6 8.Be3
Ne7 9.Nbd2 Be6 10.Qc3 O-O 11.Nc4 Bxc4 12.Qxc4+ Kh8 13.Nd4 Qe8 14.Ne6 Rf7 
15.f4 Ng6 16.e5 fxe5 17.f5 Nf4 18.Bxf4 exf4 19.Rae1 Qd7 20.g4 fxg3 21.hxg3
Rf6 22.g4 Qf7 23.Re3 Rh6 24.Qe4 Rh4 25.Rff3 Qf6 26.Rh3 Rxh3 27.Rxh3 Qxb2 
28.f6 Qc1+ 29.Kg2 Qd2+ 30.Kf1 Qd1+ 31.Kg2 Qd2+ 32.Kf1 Qd1+ 33.Kg2 Qd2+ 34.
Kf1 1/2-1/2

[Event "14th EUR-ch"]
[Site "Legnica POL"]
[Date "2013.05.13"]
[Round "8"]
[White "Georgiev, Kiril"]
[Black "Stocek, Jiri"]
[Result "1/2-1/2"]
[WhiteElo "2657"]
[BlackElo "2549"]
[EventDate "2013.05.05"]
[PlyCount "84"]

1.d4 Nf6 2.c4 e6 3.g3 Bb4+ 4.Bd2 a5 5.Bg2 d6 6.e3 e5 7.Ne2 c6 8.Nbc3 Be6 
9.a3 Bxc3 10.Bxc3 Nbd7 11.b3 a4 12.d5 cxd5 13.cxd5 Bf5 14.bxa4 Nc5 15.O-O 
Nxa4 16.Bb4 O-O 17.Rc1 Qb6 18.h3 h5 19.Kh2 Nb2 20.Qb3 Nd3 21.Rc4 Nxb4 22.
Rxb4 Qa6 23.Nc3 Qxa3 24.Rxb7 Bd3 25.Qxa3 Rxa3 26.Rc1 Rc8 27.Na2 Rxc1 28.
Nxc1 Bc4 29.Rc7 Bxd5 30.Bxd5 Nxd5 31.Rc6 Rc3 32.Rxd6 Nxe3 33.Nd3 Nc4 34.
Rc6 Rxd3 35.Rxc4 g5 36.g4 Kg7 37.Rc5 f6 38.Kg2 Rd4 39.Kg3 Rd3+ 40.Kg2 Rd4 
41.Kg3 Rd7 42.Rc6 hxg4 1/2-1/2

[Event "14th EUR-ch"]
[Site "Legnica POL"]
[Date "2013.05.13"]
[Round "8"]
[White "Kurnosov, Igor"]
[Black "Cyborowski, Lukasz"]
[Result "1/2-1/2"]
[WhiteElo "2654"]
[BlackElo "2543"]
[EventDate "2013.05.05"]
[PlyCount "80"]

1.e4 c5 2.Nf3 e6 3.d4 cxd4 4.Nxd4 a6 5.Bd3 Bc5 6.Nb3 Ba7 7.Qe2 Nc6 8.Be3 
Bxe3 9.Qxe3 Nf6 10.Nc3 d6 11.f4 b5 12.O-O-O e5 13.f5 b4 14.Na4 Rb8 15.Be2 
Qc7 16.g4 h6 17.h4 Ne7 18.g5 Nxe4 19.Qxe4 Bb7 20.Qd3 Bxh1 21.Rxh1 hxg5 22.
Rg1 gxh4 23.Rxg7 h3 24.Bf3 h2 25.Bh1 Qc6 26.Rg2 Qxa4 27.f6 Qb5 28.c4 bxc3 
29.Qxd6 Qf1+ 30.Kc2 Qf5+ 31.Kc1 Qf1+ 32.Kc2 Qf5+ 33.Kc1 Qf4+ 34.Kc2 Qe4+ 
35.Kc1 Qe1+ 36.Kc2 Qe4+ 37.Kc1 Qf4+ 38.Kc2 Qe4+ 39.Kc1 Qe1+ 40.Kc2 Qe4+ 
1/2-1/2

[Event "14th EUR-ch"]
[Site "Legnica POL"]
[Date "2013.05.13"]
[Round "8"]
[White "Gajewski, Grzegorz"]
[Black "Mirzoev, Azer"]
[Result "1/2-1/2"]
[WhiteElo "2653"]
[BlackElo "2543"]
[EventDate "2013.05.05"]
[PlyCount "65"]

1.d4 d5 2.c4 c6 3.Nf3 Nf6 4.Nc3 dxc4 5.a4 Bf5 6.e3 e6 7.Bxc4 Nbd7 8.O-O 
Bb4 9.Qe2 Ne4 10.Bd3 Bxc3 11.bxc3 Nxc3 12.Qc2 Bxd3 13.Qxd3 Nd5 14.Ba3 Ne7 
15.Rab1 b6 16.Rfc1 O-O 17.Bxe7 Qxe7 18.Rxc6 Rfc8 19.Qc4 Qd8 20.Rc1 Rxc6 
21.Qxc6 Nf6 22.Ne5 Ne8 23.Nd7 Nf6 24.Nxf6+ gxf6 25.e4 Qe8 26.Qd6 Rc8 27.
Rxc8 Qxc8 28.h4 Qc4 29.Qg3+ Kf8 30.Qb8+ Kg7 31.Qg3+ Kf8 32.Qb8+ Kg7 33.
Qg3+ 1/2-1/2

[Event "14th EUR-ch"]
[Site "Legnica POL"]
[Date "2013.05.13"]
[Round "8"]
[White "Safarli, Eltaj"]
[Black "Maiorov, Nikita"]
[Result "1-0"]
[WhiteElo "2651"]
[BlackElo "2535"]
[EventDate "2013.05.05"]
[PlyCount "65"]

1.e4 e5 2.Nf3 Nc6 3.Bb5 a6 4.Ba4 Nf6 5.O-O Be7 6.Re1 b5 7.Bb3 d6 8.c3 O-O 
9.h3 Nb8 10.d4 Nbd7 11.c4 c6 12.a3 exd4 13.Nxd4 Bb7 14.Nc3 Rc8 15.cxb5 
cxb5 16.Nf5 Nc5 17.Ba2 Ne6 18.Nd5 Re8 19.Ndxe7+ Rxe7 20.e5 Ne8 21.exd6 Rd7
22.Ne7+ Kh8 23.Nxc8 Qxc8 24.Bxe6 fxe6 25.Rxe6 Nxd6 26.Qe2 Bd5 27.Re7 Rxe7 
28.Qxe7 Nf5 29.Qe5 Bb7 30.Bg5 h6 31.Rc1 Qf8 32.Rc5 Bc8 33.Be3 1-0

[Event "14th EUR-ch"]
[Site "Legnica POL"]
[Date "2013.05.13"]
[Round "8"]
[White "Fridman, Daniel"]
[Black "Gordon, Stephen"]
[Result "0-1"]
[WhiteElo "2648"]
[BlackElo "2527"]
[EventDate "2013.05.05"]
[PlyCount "94"]

1.c4 Nf6 2.Nc3 e5 3.Nf3 Nc6 4.g3 Nd4 5.Bg2 Nxf3+ 6.Bxf3 Bb4 7.Qb3 Bc5 8.d3
O-O 9.g4 c6 10.g5 Ne8 11.h4 Nc7 12.Be3 Bd4 13.Bd2 d5 14.cxd5 cxd5 15.Nxd5 
Be6 16.e4 f5 17.O-O Rf7 18.Rac1 Rd7 19.Bc3 h6 20.Bxd4 exd4 21.Rc4 hxg5 22.
Rfc1 Nxd5 23.exd5 Bf7 24.hxg5 Qxg5+ 25.Kf1 Qf4 26.Bg2 Kh7 27.Rc8 Rxc8 28.
Rxc8 Qg4 29.Rc1 Rd6 30.Qxb7 Bh5 31.Re1 f4 32.Be4+ Rg6 33.Bxg6+ Bxg6 34.Qa6
f3 35.Re7 Qg2+ 36.Ke1 Qg1+ 37.Kd2 Qxf2+ 38.Kc1 Qg1+ 39.Kc2 f2 40.Qf6 Bxd3+
41.Kb3 f1=Q 42.Qh4+ Kg6 43.Re6+ Kf5 44.Qh7+ Kf4 45.Qh4+ Qg4 46.Qh2+ Qg3 
47.Qd2+ Kg4 0-1

[Event "14th EUR-ch"]
[Site "Legnica POL"]
[Date "2013.05.13"]
[Round "8"]
[White "Nyzhnyk, Illya"]
[Black "Sebenik, Matej"]
[Result "1-0"]
[WhiteElo "2635"]
[BlackElo "2527"]
[EventDate "2013.05.05"]
[PlyCount "85"]

1.d4 d5 2.c4 c6 3.Nf3 Nf6 4.Nc3 dxc4 5.a4 Bf5 6.e3 e6 7.Bxc4 Bb4 8.O-O 
Nbd7 9.Qe2 Bg4 10.h3 Bh5 11.Rd1 O-O 12.e4 Qe7 13.g4 Bg6 14.Bd3 Rac8 15.a5 
h6 16.a6 b5 17.Bf4 Nh7 18.Bg3 Ng5 19.Nxg5 hxg5 20.Rac1 Nb6 21.Na2 Rfd8 22.
Qe3 Ba5 23.Be2 f6 24.h4 gxh4 25.Bxh4 Na4 26.b4 Bb6 27.e5 Qf7 28.Nc3 Nxc3 
29.Rxc3 Rd5 30.Bf3 Rxe5 31.Qf4 Rd5 32.Bxd5 exd5 33.Bg3 Be4 34.Qc1 Qe7 35.
Rxc6 Rxc6 36.Qxc6 Qxb4 37.Qe8+ Kh7 38.Qh5+ Kg8 39.Rc1 Qf8 40.Bd6 Qd8 41.
Bc5 Qc7 42.Qe8+ Kh7 43.Ba3 1-0

[Event "14th EUR-ch"]
[Site "Legnica POL"]
[Date "2013.05.13"]
[Round "8"]
[White "Gabuzian, Hovhannes"]
[Black "Miton, Kamil"]
[Result "0-1"]
[WhiteElo "2532"]
[BlackElo "2624"]
[EventDate "2013.05.05"]
[PlyCount "150"]

1.d4 Nf6 2.c4 g6 3.g3 Bg7 4.Bg2 O-O 5.Nc3 d6 6.e3 c6 7.Nge2 e5 8.O-O Nbd7 
9.b3 Re8 10.a4 Nf8 11.dxe5 dxe5 12.Qxd8 Rxd8 13.a5 Ne6 14.Ba3 Bf8 15.b4 
Bd7 16.b5 Bxa3 17.Rxa3 Rac8 18.Rd1 cxb5 19.cxb5 Nc5 20.f4 Be6 21.fxe5 Ng4 
22.Nd5 Nxe5 23.Rc3 Bxd5 24.Rxd5 Rxd5 25.Bxd5 b6 26.a6 Rc7 27.e4 Kf8 28.Rc1
Ke7 29.Ba8 Ne6 30.Bc6 Nxc6 31.bxc6 b5 32.e5 b4 33.Rc4 b3 34.Nc3 b2 35.Kf2 
Kf8 36.Ke3 Nd8 37.Rb4 Rxc6 38.Kd3 Kg7 39.Rxb2 Rxa6 40.Nd5 Ne6 41.Rb8 Ra5 
42.Ke4 Ra4+ 43.Ke3 Ra3+ 44.Ke4 Nc5+ 45.Kd4 Nd7 46.Re8 Ra4+ 47.Ke3 Ra5 48.
Kd4 Ra2 49.Ke3 Rxh2 50.Re7 Nc5 51.Rxa7 Rh5 52.Kd4 Nb3+ 53.Ke4 Nd2+ 54.Kd3 
Rxe5 55.Ne3 Ne4 56.g4 Nf6 57.Ra4 h5 58.gxh5 Rxh5 59.Ke2 Nd5 60.Nd1 Rh2+ 
61.Kf3 Nc3 62.Kg3 Rd2 63.Nxc3 Rd3+ 64.Kg4 Rxc3 65.Ra7 Rc4+ 66.Kg5 Rc5+ 67.
Kg4 Re5 68.Kf4 Rf5+ 69.Kg4 Kh6 70.Ra8 Rf1 71.Rh8+ Kg7 72.Ra8 f5+ 73.Kg5 
Rg1+ 74.Kf4 Rg4+ 75.Ke5 Re4+ 0-1

[Event "14th EUR-ch"]
[Site "Legnica POL"]
[Date "2013.05.13"]
[Round "8"]
[White "Jaracz, Pawel"]
[Black "Grigorian, Avetik"]
[Result "1/2-1/2"]
[WhiteElo "2527"]
[BlackElo "2616"]
[EventDate "2013.05.05"]
[PlyCount "101"]

1.e4 e5 2.Nf3 Nc6 3.Bb5 Nf6 4.d3 Bc5 5.c3 O-O 6.O-O d6 7.h3 Bb6 8.Re1 Ne7 
9.Nbd2 Bd7 10.Bc4 Ng6 11.Nf1 Be6 12.Bb3 h6 13.Ng3 Nh7 14.d4 Qf6 15.Be3 
Rad8 16.Qd2 Nf4 17.Bxf4 Qxf4 18.Qxf4 exf4 19.Nh5 g5 20.Nh2 Bxb3 21.axb3 f6
22.g3 fxg3 23.fxg3 c5 24.d5 c4+ 25.Kg2 cxb3 26.g4 Rf7 27.Ng3 Nf8 28.Nf5 
Kh7 29.h4 Ng6 30.hxg5 fxg5 31.Nf3 Nf4+ 32.Kg3 Kg6 33.Rh1 Ne2+ 34.Kg2 Nf4+ 
35.Kg3 Ne2+ 36.Kg2 Rh7 37.N3d4 Nxd4 38.cxd4 Rc8 39.Rac1 Rxc1 40.Rxc1 Rc7 
41.Rh1 Rc2+ 42.Kf3 Rxb2 43.Rxh6+ Kf7 44.Nxd6+ Kg8 45.Nf5 Rc2 46.e5 Bd8 47.
Rg6+ Kf8 48.Rh6 Kg8 49.Rg6+ Kf8 50.Rh6 Kg8 51.Ke4 1/2-1/2

[Event "14th EUR-ch"]
[Site "Legnica POL"]
[Date "2013.05.13"]
[Round "8"]
[White "Zontakh, Andriy"]
[Black "Rakhmanov, Aleksandr"]
[Result "0-1"]
[WhiteElo "2521"]
[BlackElo "2616"]
[EventDate "2013.05.05"]
[PlyCount "88"]

1.d4 Nf6 2.c4 c5 3.d5 b5 4.cxb5 a6 5.e3 g6 6.Nc3 Bg7 7.Nf3 O-O 8.a4 d6 9.
e4 Ne8 10.Bc4 axb5 11.Bxb5 Nc7 12.Be2 Nba6 13.O-O Nb4 14.Bf4 h6 15.h4 Bg4 
16.Re1 Kh7 17.Qd2 e5 18.dxe6 Nxe6 19.Bxd6 Bxf3 20.Bxf3 Nd4 21.e5 Bxe5 22.
Bxa8 Bxd6 23.Ne4 Be7 24.Rac1 Qd7 25.Qf4 Nd3 26.Nf6+ Bxf6 27.Qxf6 Nxc1 28.
Re7 Qf5 29.Qxf5 Nxf5 30.Ra7 Nd3 31.Bd5 Kg7 32.a5 Nb4 33.Bc4 Nc6 34.Rc7 
Nxa5 35.Bd5 c4 36.Ra7 Nb3 37.Bxc4 Nbd4 38.h5 g5 39.Rd7 Kf6 40.b4 Ne6 41.b5
Rc8 42.Bd3 Rd8 43.Rxd8 Nxd8 44.b6 Nd6 0-1

[Event "14th EUR-ch"]
[Site "Legnica POL"]
[Date "2013.05.13"]
[Round "8"]
[White "Godena, Michele"]
[Black "Hovhannisian, Robert"]
[Result "0-1"]
[WhiteElo "2511"]
[BlackElo "2607"]
[EventDate "2013.05.05"]
[PlyCount "102"]

1.e4 e5 2.Nf3 Nc6 3.Bb5 Nf6 4.O-O Nxe4 5.Re1 Nd6 6.Nxe5 Be7 7.Bf1 Nf5 8.
Bd3 Nfd4 9.c3 Nxe5 10.Rxe5 Nc6 11.Re1 d5 12.Qh5 Qd6 13.b3 Be6 14.Ba3 Qd7 
15.Bb5 Bf6 16.d4 a6 17.Bd3 O-O-O 18.h3 Ne7 19.Bxe7 Bxe7 20.Nd2 g6 21.Qf3 
Kb8 22.a4 h5 23.Qe2 Rde8 24.Nf3 Bf6 25.Qd2 Qd8 26.Ne5 g5 27.g3 Bxe5 28.
Rxe5 f6 29.Re3 Bxh3 30.Rae1 Bd7 31.Bg6 Rxe3 32.Qxe3 h4 33.Qe7 hxg3 34.fxg3
a5 35.Qg7 Bc8 36.Re7 Rg8 37.Qf7 Rxg6 38.Re8 Rg7 39.Qf8 Qd7 40.Rd8 Rf7 41.
Rxc8+ Qxc8 42.Qxf7 Qd8 43.Qe6 c6 44.Kg2 Ka7 45.Qf5 Qd6 46.Kh3 Qa3 47.Qxf6 
Qxb3 48.Qxg5 Qxa4 49.Qd8 Qa1 50.g4 Qxc3+ 51.Kg2 a4 0-1

[Event "14th EUR-ch"]
[Site "Legnica POL"]
[Date "2013.05.13"]
[Round "8"]
[White "Salgado Lopez, Ivan"]
[Black "Mastrovasilis, Athanasios"]
[Result "1/2-1/2"]
[WhiteElo "2598"]
[BlackElo "2514"]
[EventDate "2013.05.05"]
[PlyCount "107"]

1.e4 e5 2.Bc4 Nf6 3.d3 c6 4.Nf3 Be7 5.O-O d6 6.c3 O-O 7.Bb3 Nbd7 8.Re1 h6 
9.h3 Nh7 10.Be3 Ng5 11.Nbd2 Nxf3+ 12.Nxf3 Nf6 13.Qc2 Nh7 14.d4 Qc7 15.Rad1
Re8 16.Rd2 Bf8 17.dxe5 dxe5 18.Red1 Qe7 19.a4 Qf6 20.Rd3 b6 21.Bc4 Rb8 22.
b4 Rb7 23.Ba6 Rc7 24.Bxc8 Rexc8 25.Qa2 Be7 26.Rd7 Nf8 27.Rxc7 Rxc7 28.Qc4 
Nd7 29.Rd3 Qe6 30.Qxe6 fxe6 31.Nd2 Kf8 32.Kf1 Ke8 33.Nc4 b5 34.axb5 cxb5 
35.Nd6+ Bxd6 36.Rxd6 Ke7 37.Ra6 Rxc3 38.Rxa7 Kd6 39.Ra6+ Rc6 40.Rxc6+ Kxc6
41.Ke2 Kd6 42.f3 Ke7 43.h4 Kd6 44.h5 Ke7 45.Bf2 Nb8 46.Bc5+ Kf6 47.Bd6 Nc6
48.Ke3 Kg5 49.g4 Kf6 50.Bc5 Kg5 51.Bd6 Kf6 52.Bc5 Kg5 53.Bd6 Kf6 54.Bc5 
1/2-1/2